000 00596nam a2200229Ia 4500
003 OSt
005 20220918173948.0
006 a|||||r|||| 00| 0
007 ta
008 220917b |||||||| |||| 00| 0 eng d
024 _a9,510
037 _cTextual
040 _aARTS
_cARTS
_beng
041 _2eng
_aeng
082 _a25513, G6
100 _aMacpherson HArriet Dorthea
_948603
245 0 _aSome practical problems in cataloguing
260 _c1936
650 _aLIBRARY SCIENCE
942 _h25513, G6
_cTEXL
_2CC
999 _c151150
_d151150